000 00757nam a22002177a 4500
003 UA-OsUOA
001 36863
007 ta
008 20060216b un ||||| |||| 00| 0 ukr d
100 _aШвагуляк-Шостак О.
090 _a94)477)
_bШ33
942 _cSA
040 _aUA-OsUOA
_bukr
_cUA-OsUOA
_dUA-OsUOA
245 _aКарпатський трамвай/Перші туристичні маршрути в Карпатах проклали лісопромисловці ще наприкінці ХІХ ст. Саме тоді в горах була побудована вузькоколійна залізниця
300 _aС.56-61
955 _a0
041 _aukr
080 _a94)477)
773 0 _w36856
650 7 _2UDC
999 _c323096
_d323096